Liderazgo Creador Inteligencia Actitudinal, Racionalidad y Diseǫ Humano en la Administracin̤ /

Bibliographic Details
Main Author: Blanco Martn̕ez, Adolfo
Format: eBook
Language:Spanish
Published: Madrid: Instituto Nacional de Administracin̤ Pb︢lica (INAP), 2016
Subjects:
Online Access:Acceso restringido

MARC

LEADER 00000nam a22000007a 4500
005 20170214221221.0
007 cr|||| ||||
008 170214s2016 es |||||s|||| 00||0 spa d
020 |a 978-84-7351-546-7 
035 |a 14730 
040 |a vLex 
090 |c 6549  |d 6549 
100 1 |a Blanco Martn̕ez, Adolfo 
245 1 0 |a Liderazgo Creador  |h [Recurso electrn̤ico] :  |b Inteligencia Actitudinal, Racionalidad y Diseǫ Humano en la Administracin̤ /  |c Adolfo Blanco Martn̕ez 
256 |a Servicio en ln̕ea 
260 |a Madrid:  |b Instituto Nacional de Administracin̤ Pb︢lica (INAP),  |c 2016 
300 |a 1 recurso electrn̤ico 
500 |a El texto Liderazgo Creador recoge la percepcin̤ actual de la gestin̤ en la Administracin̤ pb︢lica sobre la base de las img̀enes analg̤icas expresadas por 455 jefes de servicios encuestados en directo. Se analizan las relaciones entre diversas variables organizativas (percepcin̤ de los objetivos, el jefe, los colaboradores, la calidad de servicio a los ciudadanos, la tecnologa̕, la eficacia de las reuniones, etc.), junto con otros aspectos importantes como son los sentimientos que predominan entre los funcionarios. El conjunto de los resultados de los cuestionarios indican que hay claras oportunidades de mejora de la gestin̤. En esta obra exponemos dos nuevas tecnologa̕s para potenciar el autoconocimiento y la realizacin̤ profesional de ld̕eres innovadores que se responsabilicen de generar valor pb︢lico y de satisfacer las necesidades de sus equipos y de los ciudadanos: el modelo CASIO (Conocimiento Analg̤ico Sistm̌ico Integrado de la Organizacin̤) y el modelo LIDEAR de diseǫ humano (Ld̕eres Innovadores Diseąndo Equipos de Alto Rendimiento). Estos modelos facilitarǹ a los directivos pb︢licos la implantacin̤ de un cambio cultural radical en los sistemas de aprendizaje, seleccin̤ de personas, estilos de relacin̤ y toma de decisiones eficaces en las organizaciones pb︢licas. 
506 1 |a Disponible solo en los productos indicados  |d vLex Global  |d vLex Global (Academic Edition, excluding Law Schools)  |d vLex Global (U.S. Academic Edition, Law Schools)  |d vLex Global (U.S. Academic Edition, excluding Law Schools)  |d vLex Global (Academic Edition, Law Schools) 
650 0 4 |a Derecho Pb︢lico y Administrativo  |z Espaą 
740 0 |a vLex Libros (Servicio en ln̕ea) 
856 4 0 |u http://vlex.com/source/liderazgo-creador-inteligencia-actitudinal-racionalidad-y-dise-o-humano-en-la-administracion-14730  |z Acceso restringido 
942 |c BOOK 
999 0 |a Public and Administrative Law